Financial Management / Theory and Practice: Fourth Edition (Record no. 811)
[ view plain ]
| 000 -LEADER | |
|---|---|
| fixed length control field | 02229cam a22002294a 4500 |
| 005 - ΗΜΕΡΟΜΗΝΙΑ ΚΑΙ ΩΡΑ ΤΕΛΕΥΤΑΙΑΣ ΕΝΗΜΕΡΩΣΗΣ | |
| Πεδίο ελέγχου | 20250605163946.0 |
| 008 - FIXED-LENGTH DATA ELEMENTS--GENERAL INFORMATION | |
| Πεδίο ελέγχου σταθερού μήκους | 250528s ||||||||||||||||||||||||d |
| 035 ## - SYSTEM CONTROL NUMBER | |
| System control number | 15217 |
| 020 ## - ISBN | |
| ISBN | 30716934 |
| 040 ## - ΠΗΓΗ ΚΑΤΑΛΟΓΟΓΡΑΦΗΣΗΣ | |
| Φορέας πρωτότυπης καταλογογράφησης | MC Athens Campus Library |
| Γλώσσα καταλογογράφησης | Ελληνικά, Μοντέρνα (1453-) |
| Modifying agency | MC Athens Campus Library |
| Κανόνες περιγραφικής καταλογογράφησης | AACR2 |
| 245 1# - ΤΙΤΛΟΣ ΚΑΙ ΔΗΛΩΣΗ ΥΠΕΥΘΥΝΟΤΗΤΑΣ | |
| Τίτλος | Financial Management / Theory and Practice: Fourth Edition |
| 250 ## - EDITION STATEMENT | |
| Edition statement | 4th |
| 260 ## - PUBLICATION, DISTRIBUTION, ETC. | |
| Name of publisher, distributor, etc. | The Dryden Press, |
| Date of publication, distribution, etc. | 1985 |
| 300 ## - PHYSICAL DESCRIPTION | |
| Extent | 1130 |
| 505 0# - FORMATTED CONTENTS NOTE | |
| Formatted contents note | Introduction, An Overview of Financial Management, Business Organizations and Financial Statements and Taxes, Financial Markets and Institutions and Interest Rates, Valuation and the Cost of Capital, Time Value of Money, Bond and Stock Valuation Models, Risk and Rates of Return, The Cost of Capital, Capital Budgeting, The Basics of Capital Budgeting, Risk Analysis and the Optimal Capital Budget, Capital Structure and Divident Policy, Capital Structure Theory, Capital Structure Policy, Dividend Policy, Types of Long-Term Capital, Lease Financing, Working Capital Management, Inventory Management, Financial Analysis and Planning, Financial Statement Analysis, Financial Planning and Control, Special Topics in Financial Management, Bankruptcy and Reorganization, Multinational Finance, Pension Plan Management, Appendices, Index. |
| 520 ## - SUMMARY, ETC. | |
| Summary, etc. | Introduction, An Overview of Financial Management, Business Organizations and Financial Statements and Taxes, Financial Markets and Institutions and Interest Rates, Valuation and the Cost of Capital, Time Value of Money, Bond and Stock Valuation Models, Risk and Rates of Return, The Cost of Capital, Capital Budgeting, The Basics of Capital Budgeting, Risk Analysis and the Optimal Capital Budget, Capital Structure and Divident Policy, Capital Structure Theory, Capital Structure Policy, Dividend Policy, Types of Long-Term Capital, Lease Financing, Working Capital Management, Inventory Management, Financial Analysis and Planning, Financial Statement Analysis, Financial Planning and Control, Special Topics in Financial Management, Bankruptcy and Reorganization, Multinational Finance, Pension Plan Management, Appendices, Index. |
| 700 1# - ΠΡΟΣΘΕΤΗ ΑΝΑΓΡΑΦΗ--ΦΥΣΙΚΟ ΠΡΟΣΩΠΟ | |
| Personal name | Brigham Eugene F |
| 9 (RLIN) | 1101 |
| 700 1# - ΠΡΟΣΘΕΤΗ ΑΝΑΓΡΑΦΗ--ΦΥΣΙΚΟ ΠΡΟΣΩΠΟ | |
| Personal name | Gapenski Louis C |
| 9 (RLIN) | 1102 |
| 942 ## - ADDED ENTRY ELEMENTS (KOHA) | |
| Koha item type | Books |
| Τύπος τεκμηρίου | Βιβλιοθήκη | Τρέχουσα τοποθεσία | Barcode | Αριθμός εισαγωγής | Ημερομηνία απόκτησης | Ταξιθετικό σύμβολο | Αριθμός αντιτύπου | Κατάσταση απόσυρσης | Κατάσταση χαμένου | Κατάσταση κατεστραμμένου | Μη δανεισμός | Σύνολο δανεισμών | Ημερομηνία τελευταίας εμφάνισης | Η τιμή ισχύει από |
|---|---|---|---|---|---|---|---|---|---|---|---|---|---|---|
| Books | MC Athens Campus Library | MC Athens Campus Library | 9780000008107 | 1454 | 05/06/2025 | 658.15 BRI | 1 | 05/06/2025 | 05/06/2025 |